Etický zisk a dôchodkové sporenie
Problematika etického podnikania vo finančnom sektore. Prevládanie špekulatívnych obchodov v súčasnom období finančnej krízy. Naked Short Selling - jeden z modelov špekulatívnych obchodov. Ovplyvňovanie spotrebiteľského správania. Problematika kapitalizačného piliera dôchodkového sporenia. Odpútavan...
Gespeichert in:
| 1. Verfasser: | |
|---|---|
| Format: | Buchkapitel |
| Sprache: | Slowakisch |
| Schlagworte: | |
| Tags: |
Keine Tags, Fügen Sie das erste Tag hinzu!
|
MARC
| LEADER | 00000naa$a2200000$$$4500 | ||
|---|---|---|---|
| 001 | 0098212 | ||
| 005 | 20240502072102.8 | ||
| 041 | 0 | |a slo | |
| 044 | |a SK | ||
| 245 | 1 | 0 | |a Etický zisk a dôchodkové sporenie |c Ľuboš Pavelka |
| 520 | |a Problematika etického podnikania vo finančnom sektore. Prevládanie špekulatívnych obchodov v súčasnom období finančnej krízy. Naked Short Selling - jeden z modelov špekulatívnych obchodov. Ovplyvňovanie spotrebiteľského správania. Problematika kapitalizačného piliera dôchodkového sporenia. Odpútavanie pozornosti sporiteľov smerom k nereálnym grafom očakávaného zhodnotenia úspor. Participačné dlhopisy rakúskych bánk. | ||
| 610 | 2 | 0 | |a etika podnikateľská |
| 610 | 2 | 0 | |a etika podniková |
| 610 | 2 | 0 | |a financie |
| 610 | 2 | 0 | |a banky |
| 610 | 2 | 0 | |a poisťovne |
| 610 | 2 | 0 | |a dôchodky |
| 610 | 2 | 0 | |a fondy penzijné |
| 610 | 2 | 0 | |a sporenie dôchodkové |
| 610 | 2 | 0 | |a zisk |
| 610 | 2 | 0 | |a spotrebitelia |
| 100 | 1 | |a Pavelka, Ľuboš, 1962- | |